书目信息 |
| 题名: |
鄂尔多斯盆地储层岩石力学评价及应用
|
|
| 作者: | 张广清 , 赵振峰 , 唐梅荣 编著 | |
| 分册: | ||
| 出版信息: | 北京 石油工业出版社 2019.1 |
|
| 页数: | 205页 | |
| 开本: | 26cm | |
| 丛书名: | ||
| 单 册: | ||
| 中图分类: | P618.130.2 , TU45 | |
| 科图分类: | ||
| 主题词: | ||
| 电子资源: | ||
| ISBN: | 978-7-5021-8550-3 | |
| 000 | 01051nam0 2200265 45 | |
| 001 | 012001000756 | |
| 005 | 20140911173937.0 | |
| 010 | @a978-7-5021-8550-3@dCNY68.00 | |
| 100 | @a20190626d2019 em y0chiy50 ea | |
| 101 | 0 | @achi |
| 102 | @aCN@b110000 | |
| 105 | @aa z 000yy | |
| 106 | @ar | |
| 200 | 1 | @a鄂尔多斯盆地储层岩石力学评价及应用@Ae er duo si pen di chu ceng yan shi li xue ping jia ji ying yong@b专著@f张广清,赵振峰,唐梅荣等编著 |
| 210 | @a北京@c石油工业出版社@d2019.1 | |
| 215 | @a205页@c图@d26cm | |
| 330 | @a本书涉及了鄂尔多斯盆地的地应力分布规律、岩石力学参数、特色压裂改造工艺、岩石力学性质测试新方法等多方面研究。书中还研究了针对鄂尔多斯盆地多年积累的室内研究与现场施工,并提出了相对应的现场施工方法。 | |
| 607 | @a鄂尔多斯盆地@x储集层@x岩石力学@x研究 | |
| 690 | @aP618.130.2@v5 | |
| 690 | @aTU45@v5 | |
| 701 | 0 | @a张广清@Azhang guang qing@f(1975.7~)@4编著 |
| 701 | 0 | @a赵振峰@Azhao zhen feng@4编著 |
| 701 | 0 | @a唐梅荣@Atang mei rong@4编著 |
| 801 | 0 | @aCN@bBJSDL@c20211011 |
| 905 | @b1332105-8@dP618.130.2@e145@f4 | |
| 鄂尔多斯盆地储层岩石力学评价及应用/张广清,赵振峰,唐梅荣等编著.-北京:石油工业出版社,2019.1 |
| 205页:图;26cm |
| ISBN 978-7-5021-8550-3:CNY68.00 |
| 本书涉及了鄂尔多斯盆地的地应力分布规律、岩石力学参数、特色压裂改造工艺、岩石力学性质测试新方法等多方面研究。书中还研究了针对鄂尔多斯盆地多年积累的室内研究与现场施工,并提出了相对应的现场施工方法。 |
| ● |
| 相关链接 |
|
|
|
|
正题名:鄂尔多斯盆地储层岩石力学评价及应用
索取号:P618.130.2/145
 
预约/预借
| 序号 | 登录号 | 条形码 | 馆藏地/架位号 | 状态 | 备注 |
| 1 | 1332105 | 213321056 | 第二样本阅览室/ [索取号:P618.130.2/145] | 在馆 | |
| 2 | 1332106 | 213321065 | 第三借阅区/ [索取号:P618.130.2/145] | 在馆 | |
| 3 | 1332107 | 213321074 | 第三借阅区/ [索取号:P618.130.2/145] | 在馆 | |
| 4 | 1332108 | 213321083 | 第三借阅区/ [索取号:P618.130.2/145] | 在馆 |